[Event "1. Bundesliga 2010/2011"]
[Site "St. Veit/Glan"]
[Date "2011.03.04"]
[Round "9"]
[Board "5"]
[White "Pitl, Gregory"]
[Black "Platzgummer, Fabian"]
[Result "1/2-1/2"]
[WhiteElo "2376"]
[BlackElo "2311"]
[PlyCount "87"]
[EventDate "2010.11.19"]
[EventType "team"]
[EventRounds "11"]
[EventCountry "AUT"]
[WhiteTeam "Wuestenrot SIR Salzburg"]
[BlackTeam "Mayrhofen/Zillertal"]

1.d4 d5 2.c4 dxc4 3.Nf3 Nf6 4.e3 Be6 5.Qc2 c5 6.dxc5 Qa5+ 7.Nbd2 Qxc5 8.Nd4 c3
9.bxc3 Bd7 10.a4 Nc6 11.Ba3 Nxd4 12.exd4 Qc6 13.Be2 Qxa4 14.Qb2 Qc6 15.O-O Qb6
16.Qxb6 axb6 17.Nc4 Bc6 18.Nxb6 Rd8 19.Nc4 e6 20.Ne5 Bxa3 21.Rxa3 O-O 22.Rb1 Be4
23.Bd3 Ra8 24.Rab3 Rfc8 25.c4 Rd8 26.Bxe4 Nxe4 27.Rxb7 Nd2 28.Re1 Rxd4 29.Nxf7
Rf4 30.Nd6 Ne4 31.Nxe4 Rxe4 32.Rbb1 Rxc4 33.Rxe6 Kf7 34.Re3 Rf4 35.g3 Rf6
36.Rb7+ Kf8 37.Rc3 Rf7 38.Rcc7 Rxc7 39.Rxc7 h5 40.Kg2 Kg8 41.Rc5 g6 42.Rc7 Ra3
43.Re7 Kf8 44.Rb7

[Event "1. Bundesliga 2010/2011"]
[Site "St. Veit/Glan"]
[Date "2011.03.04"]
[Round "9"]
[Board "6"]
[White "Tabernig, Bernhard"]
[Black "Durakovic, Alman"]
[Result "1/2-1/2"]
[WhiteElo "2300"]
[BlackElo "2223"]
[PlyCount "151"]
[EventDate "2010.11.19"]
[EventType "team"]
[EventRounds "11"]
[EventCountry "AUT"]
[WhiteTeam "Mayrhofen/Zillertal"]
[BlackTeam "Wuestenrot SIR Salzburg"]

1.d4 Nf6 2.c4 e6 3.Nf3 b6 4.g3 Ba6 5.b3 Bb4+ 6.Bd2 Be7 7.Bg2 c6 8.O-O d5 9.Ne5
O-O 10.Bc3 Nfd7 11.Nxd7 Nxd7 12.Nd2 Rc8 13.Re1 f5 14.f3 c5 15.cxd5 exd5 16.Nf1
cxd4 17.Bxd4 Bb4 18.Nd2 Bc5 19.Bxc5 bxc5 20.Nf1 d4 21.Qd2 Nf6 22.e3 Qb6 23.Rad1
Rfd8 24.exd4 cxd4 25.Qf2 f4 26.Rd2 d3 27.Qxb6 axb6 28.Bh3 Rc6 29.gxf4 Nh5
30.Be6+ Kf8 31.f5 Nf4 32.Re4 Ne2+ 33.Kf2 Nc3 34.Re1 Nd5 35.Ne3 Nf4 36.Bc4 b5
37.Be6 Nxe6 38.fxe6 Rxe6 39.b4 Bb7 40.Ng2 Rc6 41.Nf4 Bc8 42.Rxd3 Rxd3 43.Nxd3
Be6 44.a3 Bf5 45.Nc5 Kf7 46.Re5 g6 47.Rd5 Ke7 48.Ke3 Bc2 49.Rd7+ Kf6 50.Rxh7 Rc8
51.Ra7 Re8+ 52.Ne4+ Bxe4 53.fxe4 Rh8 54.Kd4 Rxh2 55.Ra6+ Kf7 56.Kc5 Rh5+ 57.Kd6
g5 58.Ra7+ Kf8 59.e5 Rh3 60.e6 Rd3+ 61.Kc5 g4 62.Rf7+ Ke8 63.Rg7 g3 64.Kxb5 Rxa3
65.Kc5 Re3 66.Rg6 Ke7 67.Kd5 Rb3 68.Kc5 Re3 69.b5 Rxe6 70.Rg7+ Kd8 71.b6 Kc8
72.Kb5 Re1 73.Kc6 Rc1+ 74.Kb5 Rb1+ 75.Ka6 Ra1+ 76.Kb5

[Event "1. Bundesliga 2010/2011"]
[Site "St. Veit/Glan"]
[Date "2011.03.04"]
[Round "9"]
[Board "1"]
[White "Varga, Zoltan"]
[Black "Meier, Georg"]
[Result "0-1"]
[WhiteElo "2437"]
[BlackElo "2669"]
[PlyCount "68"]
[EventDate "2010.11.19"]
[EventType "team"]
[EventRounds "11"]
[EventCountry "AUT"]
[WhiteTeam "ASVOE SK Lackenbach"]
[BlackTeam "SK Advisory Invest Baden"]

1.e4 e6 2.d4 d5 3.Nc3 Nf6 4.Bg5 dxe4 5.Nxe4 Nbd7 6.Nxf6+ Nxf6 7.Nf3 h6 8.Bh4 c5
9.Bc4 a6 10.a4 cxd4 11.Nxd4 Bd6 12.c3 O-O 13.Qf3 Be5 14.O-O-O Qc7 15.Bb3 Bd7
16.Rhe1 Rfd8 17.Kb1 Bxd4 18.cxd4 Bc6 19.Qe3 Qa5 20.d5 Rxd5 21.Bxd5 Nxd5 22.Qa3
Bxa4 23.Rc1 Qb5 24.Re4 Bb3 25.Rd4 b6 26.Qd6 a5 27.Qc6 Qa6 28.Qd7 a4 29.Be7 Qe2
30.Qc6 Rb8 31.Bd6 Rd8 32.Rxd5 Bxd5 33.Qxb6 Ra8 34.g3 Ra6

[Event "1. Bundesliga 2010/2011"]
[Site "St. Veit/Glan"]
[Date "2011.03.04"]
[Round "9"]
[Board "2"]
[White "Balogh, Csaba"]
[Black "Vavrak, Peter"]
[Result "1-0"]
[WhiteElo "2601"]
[BlackElo "2466"]
[PlyCount "65"]
[EventDate "2010.11.19"]
[EventType "team"]
[EventRounds "11"]
[EventCountry "AUT"]
[WhiteTeam "SK Advisory Invest Baden"]
[BlackTeam "ASVOE SK Lackenbach"]

1.e4 e6 2.d4 d5 3.Nd2 Be7 4.c3 dxe4 5.Nxe4 Nd7 6.Nf3 Ngf6 7.Nxf6+ Nxf6 8.Bd3 O-O
9.Qe2 b6 10.Bg5 Bb7 11.O-O-O c5 12.dxc5 Qc7 13.Ne5 bxc5 14.Rhe1 Rad8 15.f4 Nd5
16.g3 Rd6 17.Bc2 f6 18.Qd3 g6 19.Nxg6 c4 20.Qe4 fxg5 21.Nxf8 Bxf8 22.fxg5 Rb6
23.Qg4 Qg7 24.Rd4 h6 25.gxh6 Qxg4 26.Rxg4+ Kh8 27.h7 Nf6 28.Rxc4 Bh6+ 29.Kb1
Nxh7 30.Rf1 Ng5 31.Rc7 Bg7 32.Rd1 Bd5 33.Rc8+

[Event "1. Bundesliga 2010/2011"]
[Site "St. Veit/Glan"]
[Date "2011.03.04"]
[Round "9"]
[Board "3"]
[White "Bokros, Albert"]
[Black "Shengelia, David"]
[Result "1-0"]
[WhiteElo "2498"]
[BlackElo "2573"]
[PlyCount "61"]
[EventDate "2010.11.19"]
[EventType "team"]
[EventRounds "11"]
[EventCountry "AUT"]
[WhiteTeam "ASVOE SK Lackenbach"]
[BlackTeam "SK Advisory Invest Baden"]

1.e4 c6 2.d4 d5 3.Nc3 dxe4 4.Nxe4 Bf5 5.Ng3 Bg6 6.Nh3 e6 7.Nf4 Qh4 8.Be3 Nf6
9.Qd2 Be7 10.Be2 Nd5 11.Nxd5 cxd5 12.O-O O-O 13.f4 f5 14.c4 Nd7 15.Rac1 Nf6
16.c5 Ng4 17.Bxg4 fxg4 18.c6 bxc6 19.Rxc6 Rac8 20.Rxe6 Rc2 21.Qa5 Rxb2 22.Qxd5
Kh8 23.Qd7 Bb4 24.f5 Bf7 25.f6 g6 26.Re4 h5 27.Bh6 Kg8 28.Bxf8 Bxf8 29.Re7 Bc4
30.Rg7+ Kh8 31.Qd8

[Event "1. Bundesliga 2010/2011"]
[Site "St. Veit/Glan"]
[Date "2011.03.04"]
[Round "9"]
[Board "4"]
[White "Baumegger, Siegfried"]
[Black "Hagara, Eduard"]
[Result "1-0"]
[WhiteElo "2398"]
[BlackElo "2407"]
[PlyCount "49"]
[EventDate "2010.11.19"]
[EventType "team"]
[EventRounds "11"]
[EventCountry "AUT"]
[WhiteTeam "SK Advisory Invest Baden"]
[BlackTeam "ASVOE SK Lackenbach"]

1.c4 Nf6 2.Nc3 d5 3.cxd5 Nxd5 4.g3 g6 5.Bg2 Nb6 6.d3 Bg7 7.Be3 N8d7 8.Nf3 Nf6
9.O-O O-O 10.Qc1 Re8 11.Rd1 c6 12.Bh6 Bh8 13.h3 Nfd5 14.d4 Nxc3 15.Qxc3 Qd5
16.Ne5 Qb5 17.e4 Na4 18.Qc2 Bxe5 19.dxe5 Nb6 20.f4 Nc4 21.Qc3 Nxb2 22.e6 f6
23.Rd4 Na4 24.Qa3 Nb6 25.Qxe7

[Event "1. Bundesliga 2010/2011"]
[Site "St. Veit/Glan"]
[Date "2011.03.04"]
[Round "9"]
[Board "5"]
[White "Vass, Frantisek"]
[Black "Loeffler, Stefan"]
[Result "0-1"]
[WhiteElo "2317"]
[BlackElo "2409"]
[PlyCount "80"]
[EventDate "2010.11.19"]
[EventType "team"]
[EventRounds "11"]
[EventCountry "AUT"]
[WhiteTeam "ASVOE SK Lackenbach"]
[BlackTeam "SK Advisory Invest Baden"]

1.d4 Nf6 2.Bg5 d5 3.Nd2 c5 4.e3 cxd4 5.exd4 Qb6 6.Nb3 Bf5 7.Bd3 Ne4 8.Be3 Qg6
9.Qf3 e6 10.h3 Nc6 11.O-O-O Nd6 12.Bxf5 Nxf5 13.Qg4 Be7 14.Nf3 Rc8 15.Qxg6 hxg6
16.Kb1 a5 17.Nc1 b5 18.Nd3 f6 19.Rhe1 Kf7 20.Re2 Nb4 21.Nc1 Rc6 22.a3 Na6 23.Bd2
b4 24.Nd3 Rhc8 25.g4 Nd6 26.axb4 Rxc2 27.bxa5 Ne4 28.Rc1 Rxc1+ 29.Bxc1 Bd8
30.Nd2 Nd6 31.Nb3 Nc4 32.Bd2 Rb8 33.Kc2 Rb5 34.Bc3 Bxa5 35.Nxa5 Nxa5 36.b4 Nc6
37.Kb3 Naxb4 38.Ka4 Ra5+ 39.Kb3 Nxd3 40.Bxa5 Nc1+

[Event "1. Bundesliga 2010/2011"]
[Site "St. Veit/Glan"]
[Date "2011.03.04"]
[Round "9"]
[Board "6"]
[White "Herndlbauer, Martin"]
[Black "Olle, Peter"]
[Result "1/2-1/2"]
[WhiteElo "2127"]
[BlackElo "2229"]
[PlyCount "106"]
[EventDate "2010.11.19"]
[EventType "team"]
[EventRounds "11"]
[EventCountry "AUT"]
[WhiteTeam "SK Advisory Invest Baden"]
[BlackTeam "ASVOE SK Lackenbach"]

1.e4 d5 2.exd5 Qxd5 3.Nf3 Nf6 4.d4 c6 5.c4 Qd8 6.h3 Bf5 7.Nc3 e6 8.Be2 Bd6 9.O-O
Ne4 10.Bd3 Nxc3 11.bxc3 Qa5 12.Bxf5 Qxf5 13.Qb3 b6 14.c5 Bc7 15.cxb6 axb6 16.Ba3
Qa5 17.Bb4 Qf5 18.Ba3 Qa5 19.Bb4 Qf5 20.Rfe1 Nd7 21.Rad1 O-O-O 22.Qa4 Kb7 23.c4
Nb8 24.d5 exd5 25.Nd4 Qf6 26.Be7 Qf4 27.g3 Qh6 28.Bxd8 Rxd8 29.Kg2 Qf6 30.cxd5
Rxd5 31.Nf3 Rf5 32.Qe4 g5 33.Rc1 h5 34.Rc2 h4 35.Rec1 hxg3 36.fxg3 Ra5 37.Rd1
Ra3 38.Rd3 Ra5 39.Rdc3 Qd6 40.Nd2 Rd5 41.Nc4 Qb4 42.Rb3 Qf8 43.Rcb2 Nd7 44.Rb5
Nc5 45.Qf3 g4 46.Rxb6+ Kc8 47.Qa3 Qh6 48.h4 Rd3 49.Qxc5 Rxg3+ 50.Kf1 Qc1+ 51.Ke2
Rg2+ 52.Kd3 Rg3+ 53.Ke2 Rg2+

[Event "1. Bundesliga 2010/2011"]
[Site "St. Veit/Glan"]
[Date "2011.03.04"]
[Round "9"]
[Board "1"]
[White "Ruck, Robert"]
[Black "Kurnosov, Igor"]
[Result "1/2-1/2"]
[WhiteElo "2554"]
[BlackElo "2653"]
[PlyCount "58"]
[EventDate "2010.11.19"]
[EventType "team"]
[EventRounds "11"]
[EventCountry "AUT"]
[WhiteTeam "Styria Graz"]
[BlackTeam "SK Sparkasse Fuerstenfeld"]

1.Nf3 Nf6 2.c4 g6 3.d4 Bg7 4.g3 d5 5.cxd5 Nxd5 6.Bg2 Nb6 7.Nc3 Nc6 8.e3 O-O
9.O-O Re8 10.d5 Na5 11.Nd4 Bd7 12.Rb1 c5 13.dxc6 Nxc6 14.Nxc6 Bxc6 15.Bxc6 bxc6
16.Qc2 c5 17.Rd1 Qc8 18.Bd2 c4 19.e4 Qc6 20.Be3 Red8 21.Rxd8+ Rxd8 22.Rd1 Rxd1+
23.Nxd1 Qd7 24.Kf1 Qh3+ 25.Kg1 Qd7 26.Kf1 Qh3+ 27.Kg1 Qd7 28.Kf1 Qh3+ 29.Kg1 Qd7

[Event "1. Bundesliga 2010/2011"]
[Site "St. Veit/Glan"]
[Date "2011.03.04"]
[Round "9"]
[Board "2"]
[White "Hera, Imre"]
[Black "Nanu, Ciprian Costica"]
[Result "1/2-1/2"]
[WhiteElo "2565"]
[BlackElo "2515"]
[PlyCount "39"]
[EventDate "2010.11.19"]
[EventType "team"]
[EventRounds "11"]
[EventCountry "AUT"]
[WhiteTeam "SK Sparkasse Fuerstenfeld"]
[BlackTeam "Styria Graz"]

1.Nf3 Nf6 2.g3 g6 3.Bg2 Bg7 4.c4 O-O 5.O-O c6 6.d4 d5 7.b3 Bf5 8.Bb2 Nbd7 9.Nbd2
Ne4 10.Nh4 Nxd2 11.Qxd2 Be6 12.cxd5 cxd5 13.Nf3 Qb6 14.e3 Rfc8 15.Rfc1 Bf5
16.Nh4 Be6 17.Nf3 Bf5 18.Ba3 Bf6 19.Bb2 Bg7 20.Nh4

[Event "1. Bundesliga 2010/2011"]
[Site "St. Veit/Glan"]
[Date "2011.03.04"]
[Round "9"]
[Board "4"]
[White "Schenk, Andreas"]
[Black "Danner, Georg"]
[Result "1/2-1/2"]
[WhiteElo "2511"]
[BlackElo "2428"]
[PlyCount "78"]
[EventDate "2010.11.19"]
[EventType "team"]
[EventRounds "11"]
[EventCountry "AUT"]
[WhiteTeam "SK Sparkasse Fuerstenfeld"]
[BlackTeam "Styria Graz"]

1.d4 Nf6 2.c4 e6 3.Nc3 Bb4 4.Qc2 d6 5.Nf3 O-O 6.Bg5 Nbd7 7.e3 h6 8.Bh4 e5 9.Be2
b6 10.O-O Bxc3 11.bxc3 Qe7 12.Nd2 Bb7 13.Rae1 Rfe8 14.h3 c5 15.Qb1 Nf8 16.Bd3 g5
17.Bg3 e4 18.Bc2 Kg7 19.Ba4 Red8 20.Bd1 Ng6 21.f3 exf3 22.Bxf3 Bxf3 23.Rxf3 Rf8
24.e4 Nh5 25.Nf1 Rae8 26.Ne3 Nxg3 27.Rxg3 Qxe4 28.Qxe4 Rxe4 29.Nf5+ Kf6 30.Rxe4
Kxf5 31.Rge3 cxd4 32.Rxd4 Rd8 33.Rd5+ Kf6 34.g3 Ne7 35.Rd2 Nc6 36.Rd5 Ne7 37.Rd1
Nc6 38.Rd5 Ne7 39.Rd2 Nc6

[Event "1. Bundesliga 2010/2011"]
[Site "St. Veit/Glan"]
[Date "2011.03.04"]
[Round "9"]
[Board "5"]
[White "Wittmann, Walter"]
[Black "Pinter, Jozsef"]
[Result "1/2-1/2"]
[WhiteElo "2291"]
[BlackElo "2521"]
[PlyCount "79"]
[EventDate "2010.11.19"]
[EventType "team"]
[EventRounds "11"]
[EventCountry "AUT"]
[WhiteTeam "Styria Graz"]
[BlackTeam "SK Sparkasse Fuerstenfeld"]

1.e4 c5 2.Nf3 d6 3.d4 cxd4 4.Nxd4 Nf6 5.Nc3 a6 6.a4 Nc6 7.Be2 e6 8.O-O Be7 9.Kh1
O-O 10.f4 Qc7 11.Nb3 b6 12.Be3 Bb7 13.Bd3 Nb4 14.Qe2 Nd7 15.Na2 Nc6 16.c3 Rfe8
17.Nd4 Nc5 18.Bc2 Bf6 19.Nxc6 Bxc6 20.Nb4 Bb7 21.Bd4 Qe7 22.e5 dxe5 23.fxe5 Bg5
24.a5 g6 25.axb6 Rec8 26.Nd3 Nd7 27.Nf2 Rab8 28.Bd3 Nc5 29.Ne4 Nb3 30.Nd6 Rf8
31.Rad1 Nxd4 32.cxd4 Bd5 33.Bxa6 Rxb6 34.Bc4 Ba8 35.b3 Bh6 36.Ne4 Bxe4 37.Qxe4
Bg7 38.Rfe1 Qb4 39.Qe3 Rb7 40.h3

[Event "1. Bundesliga 2010/2011"]
[Site "St. Veit/Glan"]
[Date "2011.03.04"]
[Round "9"]
[Board "1"]
[White "Ragger, Markus"]
[Black "Baramidze, David"]
[Result "1-0"]
[WhiteElo "2614"]
[BlackElo "2554"]
[PlyCount "121"]
[EventDate "2010.11.19"]
[EventType "team"]
[EventRounds "11"]
[EventCountry "AUT"]
[WhiteTeam "SK MPOE Maria Saal"]
[BlackTeam "SK Hohenems"]

1.Nf3 d5 2.d4 Nf6 3.c4 c6 4.Nc3 g6 5.Bf4 Bg7 6.e3 O-O 7.Bd3 Nbd7 8.O-O Nh5 9.Bg5
h6 10.Bh4 dxc4 11.Bxc4 g5 12.Bg3 Nxg3 13.hxg3 e5 14.Bb3 exd4 15.exd4 Re8 16.Qc2
Nf8 17.Rad1 Bg4 18.d5 Qf6 19.dxc6 bxc6 20.Ne4 Qg6 21.Nc3 Qxc2 22.Bxc2 Rab8
23.Bb3 Be6 24.Nd2 Rb4 25.Rc1 Rd8 26.Rfd1 c5 27.Nc4 Rxd1+ 28.Nxd1 Nd7 29.Rc2 Nb6
30.Nde3 Bd4 31.Na5 Bxe3 32.Bxe6 Bxf2+ 33.Kxf2 fxe6 34.Nc6 Ra4 35.a3 c4 36.Re2 c3
37.bxc3 Rxa3 38.Rxe6 Kg7 39.Nxa7 Nd5 40.Nb5 Rb3 41.c4 Nf6 42.Nd6 Rc3 43.Ke2 Ng4
44.Re4 h5 45.Kd2 Ra3 46.c5 Ra5 47.Nb7 Ra2+ 48.Kc3 Nf6 49.Re5 Rxg2 50.c6 Rg1
51.Kb2 Rg2+ 52.Kb3 Rxg3+ 53.Kb4 Rg1 54.c7 Rb1+ 55.Ka5 Ra1+ 56.Kb5 Ra8 57.Rxg5+
Kh6 58.Rc5 h4 59.Nd6 Ne8 60.Nxe8 Rxe8 61.c8=Q

[Event "1. Bundesliga 2010/2011"]
[Site "St. Veit/Glan"]
[Date "2011.03.04"]
[Round "9"]
[Board "2"]
[White "Braun, Arik"]
[Black "Pavasovic, Dusko"]
[Result "1-0"]
[WhiteElo "2542"]
[BlackElo "2578"]
[PlyCount "105"]
[EventDate "2010.11.19"]
[EventType "team"]
[EventRounds "11"]
[EventCountry "AUT"]
[WhiteTeam "SK Hohenems"]
[BlackTeam "SK MPOE Maria Saal"]

1.d4 d5 2.c4 e6 3.Nc3 c6 4.Nf3 Nf6 5.Bg5 dxc4 6.e4 b5 7.e5 h6 8.Bh4 g5 9.exf6
gxh4 10.Ne5 Qxf6 11.g3 Nd7 12.Qe2 c5 13.Nc6 Bg7 14.Bg2 cxd4 15.Nd5 Qf5 16.g4 Qg5
17.f4 d3 18.fxg5 dxe2 19.Nc7+ Kf8 20.Nxa8 Bb7 21.Kxe2 Ne5 22.gxh6 Rxh6 23.g5 Rh8
24.Rad1 Nxc6 25.Rd7 Bxa8 26.Rf1 Ne5 27.Rd8+ Ke7 28.Rxa8 Rxa8 29.Bxa8 Nd3 30.b3
Be5 31.bxc4 bxc4 32.h3 Nf4+ 33.Kf3 Nd5 34.Ke4 Bb2 35.Bxd5 exd5+ 36.Kxd5 c3
37.Rf2 Bc1 38.Kc4 Bxg5 39.Kxc3 Ke6 40.Kd3 f5 41.Rb2 Be7 42.Rb7 Bc5 43.Rc7 Bb6
44.Rh7 Kf6 45.Rxh4 Kg5 46.Rh7 Kg6 47.Rd7 Kg5 48.Ke2 Kh4 49.Kf3 Kg5 50.a4 a5
51.Rg7+ Kf6 52.Rg2 Bc5 53.h4

[Event "1. Bundesliga 2010/2011"]
[Site "St. Veit/Glan"]
[Date "2011.03.04"]
[Round "9"]
[Board "3"]
[White "Buhmann, Rainer"]
[Black "Bezold, Michael"]
[Result "1-0"]
[WhiteElo "2590"]
[BlackElo "2525"]
[PlyCount "75"]
[EventDate "2010.11.19"]
[EventType "team"]
[EventRounds "11"]
[EventCountry "AUT"]
[WhiteTeam "SK MPOE Maria Saal"]
[BlackTeam "SK Hohenems"]

1.Nf3 e6 2.c4 b6 3.g3 Bb7 4.Bg2 g6 5.O-O Bg7 6.d4 Ne7 7.Nc3 d5 8.cxd5 Nxd5 9.Bg5
Nxc3 10.bxc3 Qc8 11.Qa4+ Nd7 12.Rfe1 O-O 13.e4 c5 14.Rad1 Re8 15.h4 a6 16.Qb3 b5
17.h5 Qc7 18.d5 c4 19.Qc2 exd5 20.exd5 Rxe1+ 21.Nxe1 Qe5 22.Nf3 Qxc3 23.Qe2 Bf6
24.d6 Bxg5 25.Nxg5 Bxg2 26.Kxg2 Qe5 27.Qf3 Rf8 28.Rd5 Qf6 29.Qe3 Qd8 30.Qf3 Nb6
31.Rc5 Qxd6 32.Ne4 Qd4 33.Nf6+ Kg7 34.Rc7 Qd3 35.Ne8+ Kg8 36.Nf6+ Kg7 37.Qf4 h6
38.Qe5

[Event "1. Bundesliga 2010/2011"]
[Site "St. Veit/Glan"]
[Date "2011.03.04"]
[Round "9"]
[Board "4"]
[White "Atlas, Valery"]
[Black "Kreisl, Robert"]
[Result "1/2-1/2"]
[WhiteElo "2428"]
[BlackElo "2394"]
[PlyCount "69"]
[EventDate "2010.11.19"]
[EventType "team"]
[EventRounds "11"]
[EventCountry "AUT"]
[WhiteTeam "SK Hohenems"]
[BlackTeam "SK MPOE Maria Saal"]

1.e4 c6 2.Nf3 d5 3.Nc3 Bg4 4.h3 Bh5 5.d4 e6 6.Bd3 Nf6 7.O-O dxe4 8.Nxe4 Nxe4
9.Bxe4 Nd7 10.c3 Nf6 11.Bd3 Be7 12.Re1 O-O 13.Bf4 Qb6 14.Qe2 Rad8 15.b4 a5 16.a3
axb4 17.axb4 Nd5 18.Bd2 Qc7 19.Be4 Nf4 20.Qe3 Nd5 21.Qe2 Nf4 22.Bxf4 Qxf4 23.Ra5
Bxf3 24.Qxf3 Qxf3 25.Bxf3 Ra8 26.Rea1 Rxa5 27.Rxa5 Rb8 28.Kf1 Kf8 29.Ke2 Ke8
30.b5 Bd8 31.Ra7 Bb6 32.Ra3 Kd7 33.Kd3 Kc7 34.Kc4 Re8 35.Ra2

[Event "1. Bundesliga 2010/2011"]
[Site "St. Veit/Glan"]
[Date "2011.03.04"]
[Round "9"]
[Board "5"]
[White "Halvax, Georg"]
[Black "Froewis, Georg"]
[Result "1-0"]
[WhiteElo "2272"]
[BlackElo "2284"]
[PlyCount "53"]
[EventDate "2010.11.19"]
[EventType "team"]
[EventRounds "11"]
[EventCountry "AUT"]
[WhiteTeam "SK MPOE Maria Saal"]
[BlackTeam "SK Hohenems"]

1.Nf3 d5 2.d4 Nf6 3.c4 e6 4.Nc3 c6 5.Bg5 dxc4 6.e4 b5 7.e5 h6 8.Bh4 g5 9.Nxg5
hxg5 10.Bxg5 Be7 11.exf6 Bxf6 12.Be3 Bb7 13.Qf3 a6 14.O-O-O Nd7 15.Ne4 Be7
16.Nc5 Bxc5 17.dxc5 Qe7 18.Rd6 Rd8 19.Be2 Ne5 20.Qe4 Ng6 21.Rxd8+ Kxd8 22.h4
Rxh4 23.Rxh4 Nxh4 24.Qd4+ Kc8 25.Qh8+ Kc7 26.Qe5+ Kc8 27.Bf4

[Event "1. Bundesliga 2010/2011"]
[Site "St. Veit/Glan"]
[Date "2011.03.04"]
[Round "9"]
[Board "6"]
[White "Amann, Guenter"]
[Black "Horvath, Gabor"]
[Result "1/2-1/2"]
[WhiteElo "2348"]
[BlackElo "2306"]
[PlyCount "104"]
[EventDate "2010.11.19"]
[EventType "team"]
[EventRounds "11"]
[EventCountry "AUT"]
[WhiteTeam "SK Hohenems"]
[BlackTeam "SK MPOE Maria Saal"]

1.d4 Nf6 2.Nf3 g6 3.c4 Bg7 4.g3 d6 5.Bg2 O-O 6.Nc3 Nbd7 7.O-O e5 8.e4 c6 9.h3
exd4 10.Nxd4 Re8 11.Be3 Nc5 12.Qc2 a5 13.Rad1 Qe7 14.Rfe1 a4 15.b4 axb3 16.axb3
Bd7 17.Bf4 Nh5 18.Nxc6 Bxc6 19.Bxd6 Qf6 20.e5 Qe6 21.Bxc6 bxc6 22.Bxc5 Qxh3
23.Bd4 c5 24.Bxc5 Nxg3 25.fxg3 Qxg3+ 26.Kf1 Qf3+ 27.Qf2 Qh1+ 28.Ke2 Rxe5+ 29.Kd2
Qh5 30.Rxe5 Qxe5 31.Qe3 Qh2+ 32.Qf2 Qe5 33.Ne2 Qb2+ 34.Ke1 Qxb3 35.Rc1 Bh6
36.Rd1 Qxc4 37.Be3 Bg7 38.Rc1 Qe4 39.Ng3 Qe5 40.Kf1 h5 41.Rc5 Qe6 42.Ne2 Re8
43.Rc7 Be5 44.Ra7 Bb8 45.Rb7 Qd5 46.Rb1 Qd3 47.Rb7 Qd5 48.Rb2 Be5 49.Rd2 Qe6
50.Bf4 Qh3+ 51.Qg2 Qf5 52.Qf2 Qh3+

[Event "1. Bundesliga 2010/2011"]
[Site "St. Veit/Glan"]
[Date "2011.03.04"]
[Round "9"]
[Board "1"]
[White "Antoniewski, Rafal"]
[Black "Bosiocic, Marin"]
[Result "1/2-1/2"]
[WhiteElo "2604"]
[BlackElo "2561"]
[PlyCount "59"]
[EventDate "2010.11.19"]
[EventType "team"]
[EventRounds "11"]
[EventCountry "AUT"]
[WhiteTeam "ASVOE Wulkaprodersdorf"]
[BlackTeam "ASVOE Signum Siebdruck St.Veit"]

1.e4 c5 2.Nf3 e6 3.b3 a6 4.Bb2 d5 5.exd5 exd5 6.d4 cxd4 7.Nxd4 Nf6 8.Bd3 Bb4+
9.c3 Bd6 10.Qe2+ Kf8 11.O-O h5 12.Nd2 Nc6 13.Nxc6 bxc6 14.c4 Qc7 15.h3 Bg4
16.Nf3 Re8 17.Qd1 Qc8 18.hxg4 hxg4 19.Re1 gxf3 20.Qxf3 Bh2+ 21.Kf1 Bd6 22.Kg1
Bh2+ 23.Kf1 Bd6 24.Rxe8+ Qxe8 25.g3 Ne4 26.Qg4 Be5 27.Bxe5 Qxe5 28.Qc8+ Ke7
29.Qxh8 Qxa1+ 30.Kg2

[Event "1. Bundesliga 2010/2011"]
[Site "St. Veit/Glan"]
[Date "2011.03.04"]
[Round "9"]
[Board "2"]
[White "Ribli, Zoltan"]
[Black "Kraemer, Martin"]
[Result "1/2-1/2"]
[WhiteElo "2577"]
[BlackElo "2506"]
[PlyCount "61"]
[EventDate "2010.11.19"]
[EventType "team"]
[EventRounds "11"]
[EventCountry "AUT"]
[WhiteTeam "ASVOE Signum Siebdruck St.Veit"]
[BlackTeam "ASVOE Wulkaprodersdorf"]

1.c4 e6 2.Nf3 d5 3.d4 Nf6 4.g3 dxc4 5.Bg2 a6 6.O-O Nc6 7.Bg5 Rb8 8.e3 b5 9.a4
Be7 10.axb5 axb5 11.b3 cxb3 12.Qxb3 O-O 13.Rc1 Nb4 14.Nc3 Bb7 15.Qb1 Nbd5
16.Nxb5 h6 17.Bxf6 Nxf6 18.Qd3 c5 19.Qe2 cxd4 20.Nbxd4 Rc8 21.Qb5 Rxc1+ 22.Rxc1
Qa8 23.Nc6 Bxc6 24.Qxc6 Qxc6 25.Rxc6 Rd8 26.Rc1 Ba3 27.Ra1 Bb2 28.Rb1 Bc3 29.Rc1
Bb2 30.Rb1 Bc3 31.Rc1

[Event "1. Bundesliga 2010/2011"]
[Site "St. Veit/Glan"]
[Date "2011.03.04"]
[Round "9"]
[Board "3"]
[White "Polzin, Rainer"]
[Black "Rogic, Davor"]
[Result "1/2-1/2"]
[WhiteElo "2494"]
[BlackElo "2602"]
[PlyCount "145"]
[EventDate "2010.11.19"]
[EventType "team"]
[EventRounds "11"]
[EventCountry "AUT"]
[WhiteTeam "ASVOE Wulkaprodersdorf"]
[BlackTeam "ASVOE Signum Siebdruck St.Veit"]

1.e4 e5 2.Nf3 Nc6 3.Bb5 a6 4.Ba4 Nf6 5.O-O Be7 6.Re1 b5 7.Bb3 d6 8.c3 Na5 9.Bc2
c5 10.d4 Qc7 11.d5 Nc4 12.a4 Nb6 13.Nbd2 Bd7 14.a5 Nc8 15.Nf1 O-O 16.Ng3 Bd8
17.h3 Ne7 18.Nh4 Ne8 19.Nhf5 Nxf5 20.exf5 c4 21.Qf3 h6 22.Ne4 Nf6 23.Nxf6+ Bxf6
24.Qe4 Rfe8 25.h4 Rab8 26.Bd2 Bc8 27.g3 Bb7 28.Be3 Ba8 29.Bb6 Rxb6 30.axb6 Qxb6
31.Qe3 Qxe3 32.fxe3 Bb7 33.Be4 Bd8 34.Kg2 a5 35.Rh1 a4 36.g4 f6 37.Kf3 Be7
38.Ke2 Ra8 39.Kd2 Bc8 40.Kc2 Bd7 41.Bf3 Rb8 42.Be2 Bd8 43.e4 Be8 44.Rh3 Rb7
45.Kb1 Rb8 46.Ka2 Ra8 47.Rah1 Rb8 48.R1h2 Rb7 49.Rg2 Rb8 50.Ka3 Ra8 51.Rhg3 Kf8
52.g5 fxg5 53.hxg5 Bxg5 54.Rxg5 hxg5 55.Rxg5 Ra7 56.Bh5 Bd7 57.Rg3 Ra8 58.Bg6
Ke7 59.Bh5 Kf8 60.Rg6 Be8 61.Rg5 Bd7 62.Be2 Be8 63.Rg1 Rc8 64.Rg3 Ra8 65.Rh3 Kg8
66.Bg4 Rb8 67.Bh5 Bd7 68.Bg6 Rc8 69.Rh7 Rf8 70.Rh4 Rc8 71.Rh3 Rb8 72.Rh7 Rf8
73.Rh4

[Event "1. Bundesliga 2010/2011"]
[Site "St. Veit/Glan"]
[Date "2011.03.04"]
[Round "9"]
[Board "4"]
[White "Hoelzl, Franz"]
[Black "Schneider, Ilja"]
[Result "1/2-1/2"]
[WhiteElo "2336"]
[BlackElo "2511"]
[PlyCount "44"]
[EventDate "2010.11.19"]
[EventType "team"]
[EventRounds "11"]
[EventCountry "AUT"]
[WhiteTeam "ASVOE Signum Siebdruck St.Veit"]
[BlackTeam "ASVOE Wulkaprodersdorf"]

1.d4 Nf6 2.c4 c6 3.Nf3 a6 4.e3 b5 5.Nbd2 d6 6.Qc2 g6 7.Bd3 Bg7 8.O-O O-O 9.b3
Nbd7 10.Bb2 Bb7 11.b4 bxc4 12.Bxc4 a5 13.bxa5 Qxa5 14.a4 c5 15.Nb3 Qa7 16.dxc5
Bxf3 17.gxf3 Nxc5 18.Nxc5 Qxc5 19.Qe2 Qh5 20.Ra2 Rfc8 21.Bxf6 Bxf6 22.f4 Rxc4

[Event "1. Bundesliga 2010/2011"]
[Site "St. Veit/Glan"]
[Date "2011.03.04"]
[Round "9"]
[Board "5"]
[White "Thiede, Lars"]
[Black "Hebesberger, Thomas"]
[Result "1-0"]
[WhiteElo "2445"]
[BlackElo "2336"]
[PlyCount "113"]
[EventDate "2010.11.19"]
[EventType "team"]
[EventRounds "11"]
[EventCountry "AUT"]
[WhiteTeam "ASVOE Wulkaprodersdorf"]
[BlackTeam "ASVOE Signum Siebdruck St.Veit"]

1.c4 c5 2.g3 g6 3.Bg2 Bg7 4.Nc3 Nc6 5.Nf3 e6 6.a3 Nge7 7.b4 Nxb4 8.axb4 cxb4
9.d4 bxc3 10.Qd3 O-O 11.O-O d5 12.Qxc3 Qc7 13.c5 b6 14.Qa3 b5 15.Bf4 Qb7 16.Bd6
Rd8 17.Ne5 Nc6 18.Nxc6 Qxc6 19.Qb4 Bb7 20.Rfe1 a6 21.e3 Bf6 22.Bf1 Rd7 23.Bd3
Rad8 24.Rac1 Qc8 25.h4 Bc6 26.h5 Ra7 27.Ra1 Rdd7 28.Kg2 Qd8 29.Ra5 Qa8 30.Qb1
Qe8 31.f4 Bd8 32.Ra2 f5 33.g4 gxh5 34.gxf5 Rg7+ 35.Kf1 exf5 36.Bxf5 b4 37.Be5
Bb5+ 38.Bd3 Qd7 39.Bxb5 Qh3+ 40.Ke2 axb5 41.Kd1 Qf3+ 42.Kc1 Bh4 43.Qf5 Qg4
44.Qxg4 hxg4 45.Ree2 b3 46.Rab2 Ra1+ 47.Kd2 Rga7 48.e4 R7a2 49.Kd3 g3 50.exd5
Rxb2 51.Rxb2 Ra2 52.Rxb3 g2 53.Rb1 Bf2 54.d6 Kf7 55.c6 g1=Q 56.Rxg1 Bxg1 57.c7

[Event "1. Bundesliga 2010/2011"]
[Site "St. Veit/Glan"]
[Date "2011.03.04"]
[Round "9"]
[Board "6"]
[White "Dietmayer-Kraeutler, Marco"]
[Black "Volkmann, Friedrich Karl"]
[Result "0-1"]
[WhiteElo "2251"]
[BlackElo "2409"]
[PlyCount "48"]
[EventDate "2010.11.19"]
[EventType "team"]
[EventRounds "11"]
[EventCountry "AUT"]
[WhiteTeam "ASVOE Signum Siebdruck St.Veit"]
[BlackTeam "ASVOE Wulkaprodersdorf"]

1.d4 d5 2.c4 e6 3.Nc3 c6 4.Nf3 Nf6 5.e3 Nbd7 6.Bd3 dxc4 7.Bxc4 b5 8.Bd3 Bb7 9.e4
b4 10.Na4 c5 11.e5 Nd5 12.O-O cxd4 13.Re1 a6 14.Bg5 Qb8 15.Rc1 g6 16.Nxd4 Bg7
17.f4 h6 18.Nxe6 hxg5 19.Nxg7+ Kf8 20.Be4 Qa7+ 21.Kh1 Kxg7 22.Bxd5 Rxh2+ 23.Kxh2
Qf2 24.Re3 Rh8+